• 首页
  • 本馆介绍
  • 公告通知
  • 最新文献
  • 馆藏检索
  • 电子资源
  • 读者导购
  • 参考咨询
  • 我的图书馆
  • 登录
  • 详细信息显示
  • 放入我的书架
  • 预约/预借图书
  • 作者相关作品
  • 分类相关作品
  • 丛书相关作品
  • 出版社相关作品

书目信息

  • 表格格式
  • 工作单格式
  • 卡片格式
题名:
大学应用物理
    
 
作者: 蒲利春 , 张雪峰 主编
分册:  
出版信息: 北京   科学出版社  2007.12
页数: 11,547页
开本: 24cm
丛书名:
单 册:
中图分类: O59
科图分类:
主题词: 应用物理学--高等教育--教材 , 应用物理学
电子资源:
ISBN: 978-7-03-020750-0
000 00994nam0 2200265 450
001 0400001735
005 20171019150129.0
010    @a978-7-03-020750-0@dCNY48.00
100    @a20080417e20152007em y0chiy50 ea
101 0  @achi
102    @aCN@b110000
105    @aa z 000yy
106    @ar
200 1  @a大学应用物理@9da xue ying yong wu li@f蒲利春,张雪峰主编
210    @a北京@c科学出版社@d2007.12@h2015.7
215    @a11,547页@c图@d24cm
300    @a普通高等教育“十一五”国家级规划教材
330    @a全书共分五篇13章,讲解了力学之质点的运动、连续体的运动、能量定理和守恒定律、相对论基础;热学基础之气体分子动理论和热力学基础;电磁学之静电场、磁场和电磁场;振动和波之机械振动和波、波动光学;近代物理基础之原子和原子核物理、量子物理。
606 0  @a应用物理学@x高等教育@j教材
606 0  @a应用物理学
690    @aO59@v4
701  0 @a蒲利春@9pu li chun@4主编
701  0 @a张雪峰@9zhang xue feng@f(1966.2~)@4主编
801  0 @aCN@b91MARC@c20171019
905    @b1030441-5@dO59@f5@e7
    
    大学应用物理/蒲利春,张雪峰主编.-北京:科学出版社,2007.12(2015.7)
    11,547页:图;24cm
    普通高等教育“十一五”国家级规划教材
    
    ISBN 978-7-03-020750-0:CNY48.00
    全书共分五篇13章,讲解了力学之质点的运动、连续体的运动、能量定理和守恒定律、相对论基础;热学基础之气体分子动理论和热力学基础;电磁学之静电场、磁场和电磁场;振动和波之机械振动和波、波动光学;近代物理基础之原子和原子核物理、量子物理。
●
相关链接 在E读中查询图书 在五车中查询图书 在当当中查询图书 在豆瓣中查询图书


正题名:大学应用物理     索取号:O59/7         预约/预借

序号 登录号 条形码 馆藏地/架位号 状态 备注
1 1030441   210304419   第二样本阅览室/ [索取号:O59/7] 在馆    
2 1030442   210304428   密集书库-物理学院/ [索取号:O59/7] 在馆    
3 1030443   210304437   第三借阅区/ [索取号:O59/7] 在馆    
4 1030444   210304446   第三借阅区/ [索取号:O59/7] 在馆    
5 1030445   210304455   第三借阅区/ [索取号:O59/7] 在馆    
唐山师范学院图书馆 欢迎您!
大连网信软件有限公司© 版权所有